| 000 | 00557 a2200133 4500 | ||
|---|---|---|---|
| 082 | _a BIT-4 | ||
| 100 |
_aOmer Inam Alvi _992798 |
||
| 245 |
_aPriority Aware Queue Management and its Relationship with Quota and Accounting [Project BIT4] _cOmer Inam Alvi |
||
| 260 |
_a Isalamabad, _bNUST School of Electrical Engineering & Computer Science, _c2006. |
||
| 300 |
_a ix, 51 p. _b: ill. _c; 27 cm. + _e CD-ROM |
||
| 500 | _aSupervisors : Mr. Ali Sajjad, Dr. Arshad Ali. | ||
| 856 | _uhttp://10.250.8.41:8080/xmlui/handle/123456789/11710 | ||
| 942 |
_cPR _kBIT-4 OME _2ddc |
||
| 999 |
_c9374 _d9374 |
||